Dos ensayos sobre la historia de la propiedad de la tierra
Saved in:
| Hovedforfatter: | |
|---|---|
| Format: | Bog |
| Sprog: | spansk |
| Udgivet: |
Madrid, España
De Derecho Reunidas
1982
|
| Serier: | Manuales
|
| Fag: | |
| Tags: |
Tilføj Tag
Ingen Tags, Vær først til at tagge denne postø!
|
MARC
| LEADER | 00000nam a2200000 a 4500 | ||
|---|---|---|---|
| 001 | UCV0480 | ||
| 003 | CL-VaPUC | ||
| 005 | 20200805225858.0 | ||
| 008 | 880922e19820000sp |||||||||||||||||spa|d | ||
| 999 | |c 208919 |d 208917 | ||
| 040 | |c Pontificia Universidad Católica de Valparaíso | ||
| 082 | 0 | 4 | |a 349.46 PES 1982 |2 21 |
| 100 | 0 | |a Peset, Mariano |e author |9 294962 | |
| 245 | 1 | 0 | |a Dos ensayos sobre la historia de la propiedad de la tierra |
| 260 | |a Madrid, España |b De Derecho Reunidas |c 1982 | ||
| 300 | |a 274 páginas | ||
| 440 | |a Manuales |9 856537 | ||
| 583 | |a last modification |c 20140828 08:41:38 |k Rodrigo Vera | ||
| 650 | 7 | |a DERECHO FEUDAL |2 CL-VaPUC |9 294963 |z ESPAÑA | |
| 852 | |a BIBCUR | ||
| 942 | |c BK |2 ddc | ||
| 945 | |d 19880922 00:00:00 |a jurzua | ||
| 952 | |0 0 |1 0 |4 0 |6 349_460000000000000_PES_1982 |7 0 |8 DER_HIS |9 183923 |a BIBDER |b BIBDER |d 2019-11-14 |i 2508451 |o 349.46 PES 1982 |p 2508451 |r 2023-01-25 |w 2019-11-14 |x Ubicación 4to Piso |y BK |z Estos recursos deben solicitarse con anticipación |k DER | ||
| 952 | |0 0 |1 0 |4 0 |6 349_460000000000000_PES_1982 |7 0 |8 A |9 183924 |a BIBDER |b BIBDER |d 2019-11-14 |i 1887378 |o 349.46 PES 1982 |p 1887378 |r 2019-11-14 |w 2019-11-14 |y BK |k DER | ||